000
00332nam a2200133Ia 4500
008
240624s9999 xx 000 0 und d
041
_a
eng
082
_a
332 MOR
100
_a
GOLDBERG JOACHIM
245
_a
BEHAVIORAL FINANCE
260
_c
2002
_a
New York
_b
John Wiley & Sons
300
_a
x, : 227 : p. : cm. ; 24
365
_c
_b
26
999
_c
20117
_d
20117